02795nam a2200565 i 45000010008000000030009000080050017000170070003000340080041000370150017000780200039000950400021001340410013001550430012001680720056001800720032002360800028002680800028002960800016003240800015003400800021003551000047003762400031004232450074004542500023005282640024005513000046005753360026006213360038006473370029006853380027007145000036007415200826007775210032016036000050016356500078016856500060017636500065018236500046018886550056019346550044019907000060020349000015020949520016021099980014021259100011021390440007021509930055021579990017022125207634CZ PrSKC20260421135752.0ta260219s2026 xr a e 6 000 1acze  acnb003736979 a978-80-275-2789-2q(brožováno) aABG001bczeerda1 aczehfre ae-be--- 7a741.52xKomiksy. Komiksové adaptace2Konspekt921 7a929xBiografie2Konspekt98 a741.52(0:82-322.6)2MRF a741.52.071.1-055.22MRF a618.172MRF a(493)2MRF a(092)741.522MRF1 aGarin, Alix,d1997-7xx03417874aut92067810aImpénétrable.lČesky10aNeproniknutelná /cAlix Garin ; přeložila Sára Vybíralová aPrvní vydání 1aBrno :bHost,c2026 a300 stran :bbarevné ilustrace ;c27 cm atextbtxt2rdacontent astatický obrazbsti2rdacontent abez médiabn2rdamedia asvazekbnc2rdacarrier aPřeloženo z francouzštiny2 aIntimní a upřímná komiksová zpověď o vlastních sexuálních problémech.bAlix začne při sexu s dlouholetým přítelem pociťovat nevysvětlitelnou bolest. Když zjistí, že trpí vaginismem, začíná maraton vyšetření i terapeutických sezení. Alix ztrácí chuť k fyzickému kontaktu a popisuje, co to pro mladou ženu znamená, jak souvisí tělesné s duševním a naopak... Její přítel Lucas trpí výčitkami, ale zároveň v některých momentech překračuje hranice toho, co si k Alix může dovolit. A oba hledají cestu k udržení partnerského vztahu. Boj o znovuzískání kontroly nad svým tělem a vlastní touhou se mění v hledání cesty k uzdravení, emancipaci a lásce. Nakladatelská anotace. Kráceno.8 aPro čtenáře od 15 let17aGarin, Alix,d1997-7xx03417872czenas92067907akomiksové tvůrkyně7ph1081295zBelgiey21. století2czenas92068007asexuální dysfunkce u žen7ph1255052czenas920681 9awomen comics creatorszBelgiumy21st century2eczenas920682 9afemale sexual dysfunction2eczenas920683 7aautobiografické komiksy7fd10586162czenas914369 9aautobiographical comics2eczenas9147631 aVybíralová, Sára,d1986-7jo20115559444trl98406 aABG001b19 102udc400 a010760929 aABG508 axr a391.00h599.00iTeam Businessd2026-04-21x1076096 c34199d34199